书目信息 |
| 题名: |
现代语言学
|
|
| 作者: | 史密斯 , 威尔逊 著 ;李谷城 译 | |
| 分册: | ||
| 出版信息: | 北京 外语教学与研究出版社 1983 |
|
| 页数: | 321页 | |
| 开本: | 19cm | |
| 丛书名: | ||
| 单 册: | ||
| 中图分类: | H0 | |
| 科图分类: | ||
| 主题词: | 语言学 | |
| 电子资源: | ||
| ISBN: | ||
| 000 | 00824nam0 2200265 45 | |
| 001 | 0183010774 | |
| 005 | 20060810093935.89 | |
| 010 | @dCNY1.10 | |
| 091 | @a9215.182 | |
| 100 | @a19950405d1983 kemy0chiy0121 ea | |
| 101 | 1 | @achi@ceng |
| 102 | @aCN@b110000 | |
| 105 | @ay z 000yy | |
| 200 | 10 | @a现代语言学@Axian dai yu yan xue@e乔姆斯基革命的结果@EQiao Mu Si Ji Ge Ming De Jie Guo@f(英)尼尔·史密斯,达埃德尔·威尔逊著@F(Ying)Ni Er·Shi MiSi,Da Ai De Er·Wei Er Xun Zhu@g李谷城等译 |
| 210 | @a北京@c外语教学与研究出版社@d1983 | |
| 215 | @a321页@d19cm | |
| 517 | @a乔姆斯基革命的结果 | |
| 606 | 0 | @a语言学 |
| 690 | @aH0@v3 | |
| 701 | 0 | @a史密斯@4著 |
| 701 | 0 | @a威尔逊@4著 |
| 702 | 0 | @a李谷城@Ali gu cheng@4译 |
| 801 | 2 | @aCN@bNLC@c20060810 |
| 801 | 0 | @aCN@b上海图书馆@c20040424 |
| 905 | @dH0@e20@f1@b96569 | |
| 现代语言学:乔姆斯基革命的结果/(英)尼尔·史密斯,达埃德尔·威尔逊著/李谷城等译.-北京:外语教学与研究出版社,1983 |
| 321页;19cm |
| ISBN :CNY1.10 |
| ● |
| 相关链接 |
|
|
|
|
正题名:现代语言学
索取号:H0/20
 
预约/预借
| 序号 | 登录号 | 条形码 | 馆藏地/架位号 | 状态 | 备注 |
| 1 | 0096568 | 000816987 | 第四借阅区/ [索取号:H0/20] | 在馆 | |
| 2 | 0096569 | 000816978 | 第四借阅区/ [索取号:H0/20] | 在馆 | |
| 3 | 0096570 | 000816932 | 第四借阅区/ [索取号:H0/20] | 在馆 | |
| 4 | 0096571 | 000816941 | 第四借阅区/ [索取号:H0/20] | 在馆 | |
| 5 | 0096572 | 000816950 | 第二样本阅览室/ [索取号:H0/20] | 在馆 | |
| 6 | 0164984 | 000840594 | 第四借阅区/ [索取号:H0/20] | 在馆 | |
| 7 | 0164985 | 000816969 | 第四借阅区/ [索取号:H0/20] | 在馆 | |
| 8 | 0450835 | 204508354 | 密集书库/ [索取号:H0/20] | 在馆 | |
| 9 | 0450836 | 204508363 | 密集书库/ [索取号:H0/20] | 在馆 |